000 00447nam a2200181Ia 4500
008 230524s9999 xx 000 0 und d
020 _a8121920566
082 _a627
_bSHA
100 _aR.K.Sharma
245 0 _aIrrigation Engineering (including Hydrology)
250 _a1
260 _aNew Delhi
_bS.Chand
_c2014
300 _a"VIII,731p;"
500 _aQuantity Number: 1
650 _aCivil
700 _aT.K.Sharma
_941070
942 _cBK
999 _c55362
_d55362